La propuesta del SEL: intereses en pugna y papel del estado /

Se busca determinar la unificación de diversos elementos como conformadores de un posible compromiso entre clases, en relación con los aspectos contenidos en el SEL, analizando los intereses en pugna de los sectores empresarial y laboral, surgidos frente a los diferentes proyectos del SEL y el rol d...

全面介绍

Guardado en:
书目详细资料
主要作者: Sánchez Boza, Ligia Roxana
格式: Tesis
出版: San José :
主题:
标签: 添加标签
没有标签, 成为第一个标记此记录!

MARC

LEADER 00000 a a2200000 04500
001 12579
003
040 |a CRAI/IIS  |c CRAI/IIS 
090 |a 02851.00  
100 |a Sánchez Boza, Ligia Roxana  
245 |a La propuesta del SEL:   |b intereses en pugna y papel del estado /  |c Ligia Roxana Sánchez Boza 
260 |a San José :  
300 |a 177 páginas  
502 |a Tesis (Magister Scientiae) -- UCR. Sistema de Estudios de Postgrado, 1985  
520 |a Se busca determinar la unificación de diversos elementos como conformadores de un posible compromiso entre clases, en relación con los aspectos contenidos en el SEL, analizando los intereses en pugna de los sectores empresarial y laboral, surgidos frente a los diferentes proyectos del SEL y el rol del Estado como vértice donde convergen los conflictos suscitados en el debate. OB/EL  
650 |a INTERVENCION DEL ESTADO  
650 |a POLITICA GUBERNAMENTAL  
650 |a CLASES SOCIALES  
650 |a RECESION ECONOMICA  
650 |a PROPIEDAD COLECTIVA  
650 |a GRUPOS DE INTERESES  
650 |a INGRESO  
999 |c 18038  |d 18038